00397nam a2200193Ia 4500003000900000008004100009040001300050040001300063041000800076100002000084100000800104245002700112250000900139260002100148260000900169300000800178490000900186490000800195IT-RoPAU120407s9999 xx 000 0 und d aIT-RoPAU cIT-RoPAU aita aP. A. Liégé cop. aVivere cristianamente. aRoma aEdizioni Paoline c1962 c cm aEcuo v156